[Event "Sao Paulo Hebraica op 34th"]
[Site "Sao Paulo"]
[Date "2025.02.01"]
[Round "4"]
[White "Bacha, Helio Arthur"]
[Black "Fontana Filho, Richard Touceda"]
[Result "1-0"]
[WhiteElo "1711"]
[BlackElo "1557"]
[PlyCount "100"]
[EventDate "2025.01.31"]
[EventType "swiss"]
[EventRounds "6"]
[EventCountry "BRA"]
[SourceTitle "CB06_2025"]
[SourceDate "2025.02.05"]
[SourceVersion "1"]
[SourceVersionDate "2025.02.05"]
[SourceQuality "1"]

1. e4 c5 2. c3 Nf6 3. Bd3 Nc6 4. Nf3 g6 5. 0-0 Bg7 6. Bc2 0-0 7. d4 cxd4 8. cxd4 d6 9. h3 Nd7 10. a3 Qb6 11. Nc3 Nxd4 12. Nd5 Nxf3+ 13. Qxf3 Qd8 14. Rb1 Ne5 15. Qe2 Nc6 16. Bd2 e6 17. Nb4 Nd4 18. Qc4 Nxc2 19. Qxc2 Bd7 20. Bc3 Rc8 21. Qd2 Bxc3 22. bxc3 Ba4 23. Qd4 b6 24. Rb2 Qc7 25. Rc1 Rfd8 26. Nd5 exd5 27. Qxa4 dxe4 28. Qxe4 d5 29. Qd4 Qc5 30. Qxc5 Rxc5 31. Rbc2 Rdc8 32. Kf1 d4 33. Ke2 Rxc3 34. Rxc3 Rxc3 35. Rxc3 dxc3 36. Kd3 c2 37. Kxc2 Kg7 38. Kc3 b5 39. Kb4 Kf6 40. Kxb5 Ke6 41. Kc6 a5 42. a4 f5 43. f4 h6 44. h4 h5 45. Kb5 Kd7 46. Kxa5 Kc7 47. Kb5 Kb7 48. Kc5 Kc7 49. Kd5 Kd7 50. Ke5 Ke7 1-0

[Event "Hebraica op 32nd"]
[Site "Hebraica"]
[Date "2024.02.02"]
[Round "2"]
[White "Bacha, Helio Arthur"]
[Black "Correia da Silva, Gabriel Medeiros"]
[Result "1-0"]
[WhiteElo "1508"]
[BlackElo "1201"]
[PlyCount "79"]
[EventDate "2024.02.02"]
[EventType "swiss"]
[EventRounds "6"]
[EventCountry "BRA"]
[SourceTitle "CBM 218 Extra"]
[Source "ChessBase"]
[SourceDate "2024.03.31"]
[SourceVersion "1"]
[SourceVersionDate "2024.03.31"]
[SourceQuality "1"]

1. d4 d5 2. Nf3 e6 3. c4 a6 4. cxd5 exd5 5. Nc3 Nf6 6. Bg5 c6 7. Rc1 Nbd7 8. e3 Be7 9. Bd3 0-0 10. 0-0 Re8 11. Qc2 Ne4 12. Bf4 Ndf6 13. Nxe4 dxe4 14. Bxe4 Nxe4 15. Qxe4 Bd6 16. Qd3 Bxf4 17. exf4 Be6 18. Ng5 g6 19. Nxe6 Rxe6 20. Qb3 Rb8 21. Rfd1 Rd6 22. g3 Rxd4 23. Rxd4 Qxd4 24. Rxc6 bxc6 25. Qxb8+ Kg7 26. Qe5+ Qxe5 27. fxe5 Kf8 28. Kg2 Ke7 29. Kf3 Ke6 30. Ke4 c5 31. f4 h6 32. g4 f5+ 33. gxf5+ gxf5+ 34. Ke3 Kd5 35. Kd3 a5 36. b3 h5 37. h4 c4+ 38. bxc4+ Kc5 39. Kc3 a4 40. a3 1-0

[Event "Sao Paulo Hebraica op 31st"]
[Site "Sao Paulo"]
[Date "2023.07.02"]
[Round "5"]
[White "Kosminsky, Max Berger"]
[Black "Bacha, Helio Arthur"]
[Result "1/2-1/2"]
[WhiteElo "1204"]
[BlackElo "1522"]
[PlyCount "116"]
[EventDate "2023.06.30"]
[EventType "swiss"]
[EventRounds "6"]
[EventCountry "BRA"]
[SourceTitle "CBM 215 Extra"]
[Source "ChessBase"]
[SourceDate "2023.09.30"]
[SourceVersion "1"]
[SourceVersionDate "2023.09.30"]
[SourceQuality "1"]

1. e4 c6 2. d4 d5 3. e5 Bf5 4. Nf3 e6 5. c4 Bxb1 6. Rxb1 dxc4 7. Bxc4 Nd7 8. Qb3 Nb6 9. Bd3 Ne7 10. Bg5 Qc7 11. 0-0 h6 12. Bd2 Ned5 13. Ba5 Qd7 14. Nd2 Nf4 15. Nf3 Nxd3 16. Qxd3 Be7 17. Rfd1 0-0 18. Qb3 Nd5 19. Nd2 b6 20. Bc3 Rfc8 21. Ne4 f5 22. exf6 Nxf6 23. Nxf6+ Bxf6 24. Rd3 c5 25. Re3 cxd4 26. Rxe6 Kh8 27. Rd1 Re8 28. Rxe8+ Rxe8 29. Bd2 Qe6 30. Qxe6 Rxe6 31. g3 Rc6 32. Rc1 Rc5 33. b4 Rxc1+ 34. Bxc1 b5 35. Kf1 Kg8 36. Ke2 Kf7 37. Kd3 Ke6 38. Ke4 Kd6 39. Bb2 d3 40. Bc1 Bc3 41. Kxd3 Bxb4 42. Be3 Kd5 43. Bxa7 Bd6 44. Bd4 g6 45. f4 h5 46. h3 h4 47. Bf2 hxg3 48. Bxg3 g5 49. Ke3 gxf4+ 50. Bxf4 Bc5+ 51. Kf3 Kc4 52. Be5 Kb4 53. h4 Ka3 54. h5 Bf8 55. Kf4 Kxa2 56. Kf5 b4 57. Kf6 b3 58. Kf7 Bh6 1/2-1/2